[Event "Titled Tuesday intern op 05th Sep Early"]
[Site "Chess.com INT"]
[Date "2023.09.05"]
[Round "5"]
[White "Ovchinnikov, Vsevolod"]
[Black "Todorovic, Bojan"]
[Result "1-0"]
[WhiteElo "2426"]
[BlackElo "2150"]
[PlyCount "81"]
[EventDate "2023.09.05"]
[EventType "swiss (blitz)"]
[EventRounds "11"]
[EventCountry "USA"]
[SourceTitle "EXT 2024"]
[Source "ChessBase"]
[SourceDate "2023.10.10"]
[SourceVersion "1"]
[SourceVersionDate "2023.10.10"]
[SourceQuality "1"]

1. d4 g6 2. c4 Bg7 3. Nf3 d6 4. Nc3 Nf6 5. e4 0-0 6. h3 c5 7. d5 e6 8. Bd3 exd5 9. cxd5 a6 10. a4 b6 11. 0-0 Ra7 12. Nd2 Nbd7 13. f4 Nh5 14. Nc4 Bd4+ 15. Kh2 Qh4 16. Qe1 Qxe1 17. Rxe1 Bf2 18. Rf1 Bg3+ 19. Kg1 g5 20. fxg5 Ne5 21. Nxe5 Bxe5 22. g4 Ng7 23. Bf4 Re7 24. Kg2 Ne8 25. Kg3 Nc7 26. Bxe5 Rxe5 27. h4 Bd7 28. Rf6 Ne8 29. Rf4 Nc7 30. b3 b5 31. axb5 axb5 32. Ra7 Rc8 33. Rf6 b4 34. Rxd6 Be8 35. Nd1 Bb5 36. Bc2 c4 37. bxc4 Bxc4 38. Rc6 b3 39. Rxc4 bxc2 40. Rxc2 Rxe4 41. Raxc7 1-0

[Event "Titled Tuesday intern op 05th Sep Early"]
[Site "Chess.com INT"]
[Date "2023.09.05"]
[Round "4"]
[White "Rosh, Jain"]
[Black "Ovchinnikov, Vsevolod"]
[Result "1-0"]
[WhiteElo "2248"]
[BlackElo "2426"]
[PlyCount "117"]
[EventDate "2023.09.05"]
[EventType "swiss (blitz)"]
[EventRounds "11"]
[EventCountry "USA"]
[SourceTitle "EXT 2024"]
[Source "ChessBase"]
[SourceDate "2023.10.10"]
[SourceVersion "1"]
[SourceVersionDate "2023.10.10"]
[SourceQuality "1"]

1. e4 g6 2. d4 Bg7 3. Nc3 a6 4. a4 d6 5. f4 Nd7 6. Nf3 c5 7. Be3 b6 8. Bc4 Nh6 9. f5 gxf5 10. Bxh6 Bxh6 11. e5 dxe5 12. dxe5 e6 13. 0-0 Bb7 14. Qd6 Bf8 15. Qd2 Bxf3 16. gxf3 Nxe5 17. Qxd8+ Kxd8 18. Be2 Rg8+ 19. Kh1 Kc7 20. f4 Ng6 21. Rad1 Bh6 22. Bf3 Rad8 23. Bh5 Rxd1 24. Nxd1 Nxf4 25. Bf3 Rd8 26. Ne3 Rd2 27. Rd1 Rf2 28. Ba8 Ne2 29. Ng2 Nd4 30. c3 Nb3 31. h4 Rxb2 32. Bf3 Rf2 33. Bh5 Nd2 34. Bxf7 e5 35. Kg1 Re2 36. Bh5 Re4 37. Ra1 Rc4 38. a5 bxa5 39. Rxa5 Kb6 40. Ra3 Ne4 41. Be2 Rxc3 42. Rxa6+ Kb7 43. Rxh6 Rg3 44. Rxh7+ Kc6 45. Kh2 Rg8 46. Bf3 c4 47. Ne3 c3 48. Nxf5 Kd5 49. Ne7+ Kd4 50. Bxe4 Kxe4 51. Nxg8 c2 52. Rc7 Kd3 53. h5 e4 54. Nf6 e3 55. Nd5 e2 56. Nf4+ Kd2 57. Nxe2 Kxe2 58. Rxc2+ Kd1 59. h6 1-0

[Event "Titled Tuesday intern op 29th Aug Early"]
[Site "Chess.com INT"]
[Date "2023.08.29"]
[Round "8"]
[White "Kopczynski, Michal"]
[Black "Ovchinnikov, Vsevolod"]
[Result "1-0"]
[WhiteElo "2225"]
[BlackElo "2426"]
[PlyCount "149"]
[EventDate "2023.08.29"]
[EventType "swiss (blitz)"]
[EventRounds "11"]
[EventCountry "USA"]
[SourceTitle "EXT 2024"]
[Source "ChessBase"]
[SourceDate "2023.10.10"]
[SourceVersion "1"]
[SourceVersionDate "2023.10.10"]
[SourceQuality "1"]

1. e4 g6 2. d4 Bg7 3. Nc3 a6 4. Be3 b5 5. Qd2 d6 6. f3 Nd7 7. h4 h5 8. g4 hxg4 9. fxg4 Ngf6 10. g5 Ng4 11. 0-0-0 Nxe3 12. Qxe3 c5 13. Nf3 cxd4 14. Nxd4 Bb7 15. Nd5 Rc8 16. h5 gxh5 17. g6 Bh6 18. gxf7+ Kxf7 19. Nf4 e5 20. Qb3+ d5 21. Kb1 Bxf4 22. Nf5 Nc5 23. Qf3 Nxe4 24. Rxh5 Qf6 25. Bd3 Ng5 26. Qg4 Rxh5 27. Qxh5+ Ke6 28. Qg4 Kf7 29. Rh1 Rh8 30. Rxh8 Qxh8 31. a4 Kf6 32. Nd6 Bc6 33. Qf5+ Ke7 34. Nc8+ Kd8 35. Na7 Bd7 36. Qg6 Qh1+ 37. Ka2 d4 38. Qb6+ Ke7 39. Qxa6 bxa4 40. Qa5 Qb7 41. Qc5+ Ke8 42. Nb5 Ne6 43. Nd6+ Kf8 44. Nxb7+ Nxc5 45. Nxc5 Bc6 46. Ka3 Bg5 47. Nxa4 Be7+ 48. b4 e4 49. Bc4 e3 50. Kb3 Bf3 51. Nb6 e2 52. Bxe2 Bxe2 53. Nd7+ Ke8 54. Ne5 Bf6 55. Nc6 Bb5 56. Na7 Bd7 57. Kc4 Kd8 58. b5 Kc7 59. Kc5 Kb7 60. Nc6 Bxc6 61. bxc6+ Kc7 62. Kd5 Bh8 63. Kc5 Bg7 64. Kd5 Bf6 65. Kc5 Be5 66. Kd5 Bg7 67. Kc5 Kc8 68. Kd5 Kc7 69. Kc5 Bf6 70. Kd5 Kb6 71. Kd6 Kb5 72. c7 d3 73. cxd3 Be5+ 74. Kxe5 Kb4 75. c8Q 1-0

[Event "Titled Tuesday intern op 29th Aug Early"]
[Site "Chess.com INT"]
[Date "2023.08.29"]
[Round "4"]
[White "Kramnik, Vladimir"]
[Black "Ovchinnikov, Vsevolod"]
[Result "0-1"]
[WhiteElo "2753"]
[BlackElo "2426"]
[PlyCount "54"]
[EventDate "2023.08.29"]
[EventType "swiss (blitz)"]
[EventRounds "11"]
[EventCountry "USA"]
[SourceTitle "EXT 2024"]
[Source "ChessBase"]
[SourceDate "2023.10.10"]
[SourceVersion "1"]
[SourceVersionDate "2023.10.10"]
[SourceQuality "1"]

1. c4 Nf6 2. Nc3 d5 3. cxd5 Nxd5 4. g3 Nb6 5. Bg2 g6 6. h4 Bg7 7. h5 Nc6 8. d3 Bg4 9. h6 Bf6 10. Bxc6+ bxc6 11. Ne4 Bd4 12. Qc2 Qd5 13. f3 Bd7 14. e3 Be5 15. d4 f5 16. dxe5 fxe4 17. Qxe4 Qxe4 18. fxe4 Nc4 19. Nf3 0-0 20. Ng5 Nxe5 21. b3 Bg4 22. Kd2 Rad8+ 23. Kc3 Rd3+ 24. Kb4 Rb8+ 25. Ka4 c5 26. Bb2 Rb4+ 27. Ka5 Nc6+ 0-1

[Event "Titled Tuesday intern op 29th Aug Early"]
[Site "Chess.com INT"]
[Date "2023.08.29"]
[Round "10"]
[White "Ovchinnikov, Vsevolod"]
[Black "Morkunas, Gustas"]
[Result "1-0"]
[WhiteElo "2426"]
[BlackElo "2074"]
[PlyCount "51"]
[EventDate "2023.08.29"]
[EventType "swiss (blitz)"]
[EventRounds "11"]
[EventCountry "USA"]
[SourceTitle "EXT 2024"]
[Source "ChessBase"]
[SourceDate "2023.10.10"]
[SourceVersion "1"]
[SourceVersionDate "2023.10.10"]
[SourceQuality "1"]

1. d4 d5 2. c4 e6 3. Nf3 dxc4 4. Qa4+ c6 5. Qxc4 Nf6 6. Nc3 Nbd7 7. e4 b5 8. Qxc6 Rb8 9. Bxb5 a6 10. Bd3 Rb4 11. Ne2 Bb7 12. Qc2 Be7 13. 0-0 h5 14. h3 Qb8 15. Bg5 Qa8 16. Nc3 Rb6 17. Rfe1 Rc6 18. Rac1 Rc8 19. Qd2 Bb4 20. Qf4 Bxc3 21. bxc3 a5 22. c4 Ba6 23. d5 e5 24. Nxe5 Qb8 25. Nxd7 Nxd7 26. e5 1-0

[Event "Titled Tuesday intern op 22nd Aug Early"]
[Site "Chess.com INT"]
[Date "2023.08.22"]
[Round "1"]
[White "Ovchinnikov, Vsevolod"]
[Black "Slovineanu, Viacheslav"]
[Result "1-0"]
[WhiteElo "2426"]
[BlackElo "2412"]
[PlyCount "107"]
[EventDate "2023.08.22"]
[EventType "swiss (blitz)"]
[EventRounds "11"]
[EventCountry "USA"]
[SourceTitle "EXT 2024"]
[Source "ChessBase"]
[SourceDate "2023.10.10"]
[SourceVersion "1"]
[SourceVersionDate "2023.10.10"]
[SourceQuality "1"]

1. d4 Nf6 2. c4 c5 3. d5 b5 4. cxb5 a6 5. bxa6 g6 6. Nc3 Bg7 7. a7 Rxa7 8. e4 0-0 9. Nf3 e6 10. Be2 exd5 11. exd5 d6 12. 0-0 Bb7 13. Bf4 Nh5 14. Bg5 Qb6 15. Qb3 Nd7 16. Nd2 Nhf6 17. Nc4 Qxb3 18. axb3 Rxa1 19. Rxa1 Nxd5 20. Nxd6 Nxc3 21. bxc3 Bd5 22. Ra7 Nb6 23. c4 Be6 24. Be7 Rb8 25. Rb7 Nd7 26. Rxb8+ Nxb8 27. Nb7 Nc6 28. Bxc5 Bc3 29. Nd6 Kg7 30. Bd1 Nd4 31. Ne4 Bb2 32. Kf1 f5 33. Nd2 Bc3 34. Nf3 Nxf3 35. Bxf3 Kf6 36. Ke2 Ke5 37. Kd3 Be1 38. Bd4+ Kd6 39. Ba8 f4 40. g3 Bf5+ 41. Be4 Ke6 42. gxf4 Bb4 43. Ke3 h5 44. Kf3 Bd2 45. Bxf5+ Kxf5 46. Be3 Bb4 47. h3 Bd6 48. c5 Bc7 49. b4 Ke6 50. Ke4 Bb8 51. b5 Bc7 52. b6 Bd8 53. c6 Kd6 54. c7 1-0

[Event "Titled Tuesday intern op 15th Aug Early"]
[Site "Chess.com INT"]
[Date "2023.08.15"]
[Round "9"]
[White "Bazilius, Augustinas"]
[Black "Ovchinnikov, Vsevolod"]
[Result "1/2-1/2"]
[WhiteElo "2052"]
[BlackElo "2426"]
[PlyCount "86"]
[EventDate "2023.08.15"]
[EventType "swiss (blitz)"]
[EventRounds "11"]
[EventCountry "USA"]
[SourceTitle "EXT 2024"]
[Source "ChessBase"]
[SourceDate "2023.10.10"]
[SourceVersion "1"]
[SourceVersionDate "2023.10.10"]
[SourceQuality "1"]

1. d4 Nf6 2. c4 g6 3. Nf3 Bg7 4. g3 d5 5. Bg2 dxc4 6. 0-0 0-0 7. Na3 Nc6 8. Nxc4 Be6 9. b3 Bd5 10. Bb2 a5 11. Re1 a4 12. Nfe5 Bxg2 13. Kxg2 Nxe5 14. Nxe5 Qd5+ 15. f3 axb3 16. Qxb3 Ra7 17. e4 Qxb3 18. axb3 Rfa8 19. Rxa7 Rxa7 20. Ra1 Rxa1 21. Bxa1 e6 22. Kf2 Kf8 23. Ke3 Ke8 24. Bc3 Bh6+ 25. f4 Bf8 26. h3 Nd7 27. Nxd7 Kxd7 28. Kd3 Kc6 29. Kc4 b5+ 30. Kd3 f5 31. b4 Bd6 32. Bd2 h5 33. h4 Be7 34. e5 Kd5 35. Bc3 Bf8 36. Bd2 Be7 37. Bc3 Bd8 38. Bd2 c6 39. Bc3 Bb6 40. Bb2 Ba7 41. Bc3 Bb6 42. Bb2 Ba7 43. Bc3 Bb6 1/2-1/2

[Event "Titled Tuesday intern op 08th Aug Early"]
[Site "Chess.com INT"]
[Date "2023.08.08"]
[Round "6"]
[White "Khromkin, Andrey"]
[Black "Ovchinnikov, Vsevolod"]
[Result "0-1"]
[WhiteElo "2191"]
[BlackElo "2426"]
[PlyCount "30"]
[EventDate "2023.08.08"]
[EventType "swiss (blitz)"]
[EventRounds "11"]
[EventCountry "USA"]
[SourceTitle "EXT 2024"]
[Source "ChessBase"]
[SourceDate "2023.10.10"]
[SourceVersion "1"]
[SourceVersionDate "2023.10.10"]
[SourceQuality "1"]

1. d4 Nf6 2. c4 g6 3. Nf3 Bg7 4. Nc3 d5 5. cxd5 Nxd5 6. g3 0-0 7. Bg2 Nb6 8. 0-0 Nc6 9. d5 Na5 10. Qc2 Bf5 11. e4 Bg4 12. h3 Bxf3 13. Bxf3 c6 14. Rd1 cxd5 15. Nxd5 Rc8 0-1

[Event "Titled Tuesday intern op 08th Aug Early"]
[Site "Chess.com INT"]
[Date "2023.08.08"]
[Round "8"]
[White "Liu, Casper Yukun"]
[Black "Ovchinnikov, Vsevolod"]
[Result "0-1"]
[WhiteElo "2278"]
[BlackElo "2426"]
[PlyCount "58"]
[EventDate "2023.08.08"]
[EventType "swiss (blitz)"]
[EventRounds "11"]
[EventCountry "USA"]
[SourceTitle "EXT 2024"]
[Source "ChessBase"]
[SourceDate "2023.10.10"]
[SourceVersion "1"]
[SourceVersionDate "2023.10.10"]
[SourceQuality "1"]

1. e4 g6 2. Ne2 Bg7 3. h4 d5 4. exd5 Qxd5 5. h5 Bg4 6. Nbc3 Qa5 7. hxg6 hxg6 8. Rxh8 Bxh8 9. d4 Nd7 10. Be3 0-0-0 11. Qd2 Nb6 12. Nc1 e5 13. Nb3 Qb4 14. a3 Qf8 15. d5 Ne7 16. Nb5 Nexd5 17. Bc5 Qe8 18. Nxa7+ Kb8 19. Nb5 e4 20. Qa5 e3 21. f3 Bd7 22. Bxb6 Nxb6 23. Qa7+ Kc8 24. Nc5 Bc6 25. Bd3 Qe5 26. Be4 Qxc5 27. Bxc6 Qxc6 28. a4 Qxc2 29. a5 Qf2# 0-1

[Event "Titled Tuesday intern op 08th Aug Early"]
[Site "Chess.com INT"]
[Date "2023.08.08"]
[Round "4"]
[White "Molina Carretero, Daniel"]
[Black "Ovchinnikov, Vsevolod"]
[Result "1-0"]
[WhiteElo "2189"]
[BlackElo "2426"]
[PlyCount "143"]
[EventDate "2023.08.08"]
[EventType "swiss (blitz)"]
[EventRounds "11"]
[EventCountry "USA"]
[SourceTitle "EXT 2024"]
[Source "ChessBase"]
[SourceDate "2023.10.10"]
[SourceVersion "1"]
[SourceVersionDate "2023.10.10"]
[SourceQuality "1"]

1. c4 Nf6 2. g3 d5 3. cxd5 Nxd5 4. Bg2 g6 5. Nc3 Nb6 6. Nf3 Bg7 7. 0-0 Nc6 8. b3 0-0 9. Bb2 Bg4 10. d3 Re8 11. Rc1 Rb8 12. h3 Bf5 13. Nd2 Bd7 14. Kh2 Nd4 15. e3 Ne6 16. Qe2 c5 17. Rfd1 Nc8 18. Na4 Bxa4 19. Bxg7 Kxg7 20. bxa4 Nd6 21. Nb3 b6 22. a5 Qd7 23. Qb2+ Kg8 24. axb6 axb6 25. h4 h5 26. Qe5 f6 27. Qd5 Kh7 28. Be4 f5 29. Bg2 Red8 30. a4 Nc7 31. Qe5 Nf7 32. Qa1 Ne6 33. a5 Rdc8 34. axb6 Rxb6 35. Nd2 Rd6 36. Bf1 Nh6 37. Nc4 Ng4+ 38. Kg1 Rd5 39. Qc3 Qd8 40. Bg2 Rd7 41. Bf3 Nf6 42. Ne5 Rdc7 43. Qc4 Qd6 44. Nf7 Qd7 45. Qxe6 Qxe6 46. Ng5+ Kh6 47. Nxe6 Rd7 48. Nxc5 Rdc7 49. d4 Ne8 50. Nd3 Nd6 51. Rxc7 Rxc7 52. Rc1 Ra7 53. Kg2 Ra3 54. Ne5 Ra7 55. Rc6 Kg7 56. Rc5 Kh6 57. Nc6 Rc7 58. Re5 Nc8 59. Re6 Kg7 60. d5 Nd6 61. Rxe7+ Rxe7 62. Nxe7 Kf6 63. Nc6 Nc4 64. Kf1 Nd6 65. Ke2 Nc4 66. Kd3 Nd6 67. Be2 Nf7 68. f4 Nd6 69. Bf3 Kf7 70. e4 fxe4+ 71. Bxe4 Kf6 72. Ne5 1-0

[Event "Titled Tuesday intern op 08th Aug Early"]
[Site "Chess.com INT"]
[Date "2023.08.08"]
[Round "1"]
[White "Ovchinnikov, Vsevolod"]
[Black "Lesbekova, Asel"]
[Result "1-0"]
[WhiteElo "2426"]
[BlackElo "1805"]
[PlyCount "83"]
[EventDate "2023.08.08"]
[EventType "swiss (blitz)"]
[EventRounds "11"]
[EventCountry "USA"]
[SourceTitle "EXT 2024"]
[Source "ChessBase"]
[SourceDate "2023.10.10"]
[SourceVersion "1"]
[SourceVersionDate "2023.10.10"]
[SourceQuality "1"]

1. d4 d5 2. c4 e6 3. Nf3 a6 4. Nbd2 Nf6 5. g3 dxc4 6. Nxc4 b5 7. Nce5 Bb7 8. Bg2 Nbd7 9. Nd3 c5 10. 0-0 cxd4 11. Nxd4 Bxg2 12. Kxg2 Nc5 13. Ne5 Qd5+ 14. Ndf3 0-0-0 15. Qxd5 Rxd5 16. Nxf7 Rg8 17. Bf4 h6 18. Rac1 g5 19. Be3 Kb7 20. h3 Ncd7 21. Nd8+ Kb8 22. Nxe6 Bd6 23. Rfd1 Re8 24. Ned4 Kb7 25. Nb3 Nb6 26. Na5+ Ka7 27. Nd4 Rxe3 28. fxe3 Ka8 29. Ndc6 Na4 30. b3 Nb6 31. g4 Rxd1 32. Rxd1 Nbd5 33. Kf3 Bc7 34. a3 Bb6 35. Rd3 Bc7 36. b4 Bb6 37. e4 Nf4 38. Rd6 Ne8 39. Rxh6 Bxa5 40. Nxa5 Ng7 41. Nc6 Nge6 42. e3 1-0

[Event "Titled Tuesday intern op 08th Aug Early"]
[Site "Chess.com INT"]
[Date "2023.08.08"]
[Round "5"]
[White "Ovchinnikov, Vsevolod"]
[Black "Spichkin, Alexander"]
[Result "1-0"]
[WhiteElo "2426"]
[BlackElo "2052"]
[PlyCount "114"]
[EventDate "2023.08.08"]
[EventType "swiss (blitz)"]
[EventRounds "11"]
[EventCountry "USA"]
[SourceTitle "EXT 2024"]
[Source "ChessBase"]
[SourceDate "2023.10.10"]
[SourceVersion "1"]
[SourceVersionDate "2023.10.10"]
[SourceQuality "1"]

1. d4 e6 2. c4 f5 3. g3 Nf6 4. Bg2 d6 5. Nf3 Be7 6. b3 0-0 7. Bb2 a5 8. 0-0 Qe8 9. Nbd2 Qh5 10. e3 a4 11. Ne1 Qh6 12. Nd3 a3 13. Bc3 c6 14. e4 f4 15. Nxf4 e5 16. Nd3 Nbd7 17. Qe2 Kh8 18. f4 exd4 19. Bxd4 d5 20. cxd5 cxd5 21. e5 Bc5 22. Nxc5 Ng4 23. Qxg4 Nxc5 24. Qg5 Ne6 25. Qxh6 gxh6 26. Bf2 Bd7 27. Rac1 Bb5 28. Rfe1 Rfd8 29. Nf3 d4 30. Red1 d3 31. Bf1 Rd7 32. Be3 Rad8 33. Nd2 Ng7 34. Kf2 Nf5 35. Rc5 Bc6 36. Rdc1 h5 37. Bh3 Rf8 38. Bxf5 Rxf5 39. h4 Kg7 40. Ra5 Rdf7 41. Rc3 Rd7 42. Rxa3 Kg6 43. Ra5 Rf8 44. a4 Kf5 45. e6+ Kxe6 46. Rxh5 Kf6 47. Re5 Ra8 48. g4 Ra5 49. Rxa5 Re7 50. Rxd3 Re4 51. Nxe4+ Bxe4 52. Rd6+ Ke7 53. Rb6 Kd7 54. Re5 Bh1 55. Rh5 Kc7 56. Rxh7+ Kb8 57. f5 Ka7 1-0

[Event "Titled Tuesday intern op 01st Aug Late"]
[Site "Chess.com INT"]
[Date "2023.08.01"]
[Round "2"]
[White "Argandona Riveiro, Inigo"]
[Black "Ovchinnikov, Vsevolod"]
[Result "1-0"]
[WhiteElo "2344"]
[BlackElo "2426"]
[PlyCount "61"]
[EventDate "2023.08.01"]
[EventType "swiss (blitz)"]
[EventRounds "11"]
[EventCountry "USA"]
[SourceTitle "EXT 2024"]
[Source "ChessBase"]
[SourceDate "2023.10.10"]
[SourceVersion "1"]
[SourceVersionDate "2023.10.10"]
[SourceQuality "1"]

1. Nf3 Nf6 2. c4 g6 3. Nc3 d5 4. Qa4+ c6 5. cxd5 Nxd5 6. Nxd5 Qxd5 7. e4 Qd8 8. d4 Bg7 9. Be2 Bg4 10. Be3 0-0 11. Rd1 Nd7 12. Qb3 Qb6 13. Qa3 Rfe8 14. 0-0 Qc7 15. Rc1 Qd6 16. Qb3 Rab8 17. Rfd1 Bxf3 18. Bxf3 e6 19. g3 a6 20. Bf4 Qe7 21. Bxb8 Rxb8 22. Bg2 Qd6 23. d5 exd5 24. exd5 c5 25. Qe3 Bxb2 26. Rb1 Bd4 27. Rxd4 cxd4 28. Qxd4 Qc5 29. Qf4 Qc2 30. Re1 Rf8 31. h4 1-0

[Event "Titled Tuesday intern op 01st Aug Early"]
[Site "Chess.com INT"]
[Date "2023.08.01"]
[Round "3"]
[White "Gao, Raymond"]
[Black "Ovchinnikov, Vsevolod"]
[Result "1-0"]
[WhiteElo "1938"]
[BlackElo "2426"]
[PlyCount "155"]
[EventDate "2023.08.01"]
[EventType "swiss (blitz)"]
[EventRounds "11"]
[EventCountry "USA"]
[SourceTitle "EXT 2024"]
[Source "ChessBase"]
[SourceDate "2023.10.10"]
[SourceVersion "1"]
[SourceVersionDate "2023.10.10"]
[SourceQuality "1"]

1. Nf3 Nf6 2. d4 g6 3. Bg5 Bg7 4. Nbd2 d6 5. e4 Nbd7 6. Bd3 e5 7. c3 h6 8. Bh4 0-0 9. 0-0 b6 10. a4 a6 11. dxe5 dxe5 12. Nc4 Qe8 13. Bc2 Bb7 14. Re1 Nh5 15. Ne3 Rc8 16. Nd5 f6 17. Qd3 Kh8 18. b4 Nf4 19. Qc4 Nxd5 20. exd5 Qf7 21. Rad1 f5 22. h3 e4 23. Nh2 Ne5 24. Qe2 Bxd5 25. Nf1 Bc4 26. Qe3 Bd3 27. Bxd3 Nxd3 28. Rxd3 exd3 29. Qxd3 Rfe8 30. Rd1 a5 31. bxa5 bxa5 32. c4 g5 33. Bg3 f4 34. Bh2 Rcd8 35. Qxd8 Rxd8 36. Rxd8+ Kh7 37. Rd5 Bc3 38. g3 f3 39. g4 c6 40. Rc5 Qd7 41. Bg3 Bb4 42. Rf5 Qd3 43. Rf7+ Kg8 44. Rf6 Qxc4 45. Rxh6 Kf7 46. Ne3 Qc1+ 47. Nf1 Bc5 48. Rh7+ Kg6 49. Rc7 Bd4 50. Rc8 c5 51. Rc6+ Kf7 52. Rc8 Ke6 53. Rc6+ Kd5 54. Rc8 Kc4 55. Rf8 Kb3 56. Rxf3+ Kxa4 57. Kg2 Kb5 58. Ne3 Qb1 59. Nf5 Qe4 60. Nd6+ Kb4 61. Nxe4 a4 62. Nd2 c4 63. h4 c3 64. Rd3 c2 65. Rxd4+ Kc5 66. Rc4+ Kb5 67. Rxc2 a3 68. Ra2 gxh4 69. Rxa3 hxg3 70. Kxg3 Kb4 71. f4 Kxa3 72. f5 Kb2 73. f6 Kc3 74. f7 Kxd2 75. f8Q Ke3 76. g5 Kd4 77. g6 Kd5 78. g7 1-0

[Event "Titled Tuesday intern op 01st Aug Late"]
[Site "Chess.com INT"]
[Date "2023.08.01"]
[Round "6"]
[White "Hambleton, Aman"]
[Black "Ovchinnikov, Vsevolod"]
[Result "0-1"]
[WhiteElo "2420"]
[BlackElo "2426"]
[PlyCount "160"]
[EventDate "2023.08.01"]
[EventType "swiss (blitz)"]
[EventRounds "11"]
[EventCountry "USA"]
[SourceTitle "EXT 2024"]
[Source "ChessBase"]
[SourceDate "2023.10.10"]
[SourceVersion "1"]
[SourceVersionDate "2023.10.10"]
[SourceQuality "1"]

1. d4 Nf6 2. Bf4 g6 3. Nc3 Bg7 4. e4 d6 5. Qd2 Nc6 6. 0-0-0 Nh5 7. Be3 e5 8. dxe5 dxe5 9. Qxd8+ Nxd8 10. Bc4 c6 11. Nge2 Be6 12. Bb3 Bxb3 13. axb3 Ne6 14. Na4 Bf8 15. f3 Bb4 16. c3 Be7 17. b4 Nf6 18. b3 b6 19. Kc2 Rd8 20. Rxd8+ Kxd8 21. Rd1+ Kc7 22. Ra1 Kb7 23. Nb2 Rd8 24. Nd3 Nd7 25. Rd1 f6 26. h3 Ndf8 27. Ra1 Nc7 28. Nb2 Nfe6 29. Nc4 Nb5 30. Rc1 Rd7 31. Rb1 Bd8 32. Nc1 Bc7 33. Nd3 Nd6 34. Re1 Nxc4 35. bxc4 Rd8 36. Rf1 Rd7 37. Ra1 f5 38. c5 fxe4 39. cxb6 axb6 40. fxe4 Rf7 41. Kd2 Rf8 42. Ke2 h5 43. Ra2 Rf7 44. c4 Rf8 45. c5 b5 46. Ra1 Bb8 47. Ne1 Kc8 48. Nf3 Rd8 49. Ra2 Rd7 50. Ra3 Rd8 51. Rd3 Rxd3 52. Kxd3 Kd7 53. Bd2 Bc7 54. Ke3 Ke7 55. Bc3 Kf6 56. g3 Nd8 57. Nh4 Nf7 58. Ke2 Ng5 59. Kd3 Nxh3 60. Nf3 Ng5 61. Nh4 Ne6 62. Bd2 Ng7 63. Nf3 Ne6 64. Be3 g5 65. Bd2 g4 66. Nh4 Bd8 67. Bc3 Ng5 68. Nf5 Nf7 69. Ke2 Ke6 70. Ng7+ Kf6 71. Nf5 Bc7 72. Bb2 Ng5 73. Kd3 Nf3 74. Bc1 Bd8 75. Bh6 Kg6 76. Bf8 h4 77. gxh4 Nxh4 78. Nd6 g3 79. Ke2 Bg5 80. Nc8 g2 0-1

[Event "Titled Tuesday intern op 01st Aug Late"]
[Site "Chess.com INT"]
[Date "2023.08.01"]
[Round "5"]
[White "Ovchinnikov, Vsevolod"]
[Black "Kotyk, Michael"]
[Result "1-0"]
[WhiteElo "2426"]
[BlackElo "2167"]
[PlyCount "73"]
[EventDate "2023.08.01"]
[EventType "swiss (blitz)"]
[EventRounds "11"]
[EventCountry "USA"]
[SourceTitle "EXT 2024"]
[Source "ChessBase"]
[SourceDate "2023.10.10"]
[SourceVersion "1"]
[SourceVersionDate "2023.10.10"]
[SourceQuality "1"]

1. d4 d5 2. c4 e5 3. dxe5 d4 4. Nf3 Nc6 5. g3 Nge7 6. Bg2 Ng6 7. Bg5 Be7 8. Bxe7 Qxe7 9. 0-0 Ngxe5 10. Nxd4 0-0 11. Nxc6 bxc6 12. Qc2 Rb8 13. b3 c5 14. Nc3 c6 15. Rad1 Qf6 16. Rd2 Bf5 17. e4 Bg4 18. f4 Ng6 19. h3 Bc8 20. Rfd1 Qe7 21. Qd3 Bb7 22. Qd6 Rfe8 23. Qxe7 Nxe7 24. Na4 Rbc8 25. Rd7 Ba8 26. Rxa7 h5 27. Rdd7 Ng6 28. Rxf7 Rcd8 29. Rxg7+ Kh8 30. Rxg6 h4 31. Rh6+ Kg8 32. Rxh4 Rd1+ 33. Kh2 Rd2 34. f5 Bb7 35. Rxb7 Red8 36. f6 Rf8 37. Rg7# 1-0

[Event "Titled Tuesday intern op 01st Aug Early"]
[Site "Chess.com INT"]
[Date "2023.08.01"]
[Round "2"]
[White "Ovchinnikov, Vsevolod"]
[Black "Makarian, Rudik"]
[Result "0-1"]
[WhiteElo "2426"]
[BlackElo "2546"]
[PlyCount "66"]
[EventDate "2023.08.01"]
[EventType "swiss (blitz)"]
[EventRounds "11"]
[EventCountry "USA"]
[SourceTitle "EXT 2024"]
[Source "ChessBase"]
[SourceDate "2023.10.10"]
[SourceVersion "1"]
[SourceVersionDate "2023.10.10"]
[SourceQuality "1"]

1. d4 Nf6 2. c4 e6 3. g3 d5 4. Nf3 Bb4+ 5. Bd2 Be7 6. Qc2 0-0 7. Bg2 Nbd7 8. 0-0 c6 9. b3 a5 10. Nc3 b6 11. Ne5 Nxe5 12. dxe5 Nd7 13. f4 Ba6 14. cxd5 cxd5 15. Qb2 b5 16. Bf3 b4 17. Nd1 Qb6+ 18. Be3 Bc5 19. Qd2 Rac8 20. Kg2 Rfd8 21. Rc1 g6 22. Bf2 Bxf2 23. Nxf2 a4 24. Rxc8 Rxc8 25. Rc1 Rxc1 26. Qxc1 a3 27. e3 Qc5 28. Qxc5 Nxc5 29. Bd1 Bd3 30. Nxd3 Nxd3 31. Kf3 Nc1 32. e4 d4 33. Bc2 Nxa2 0-1

[Event "Titled Tuesday intern op 01st Aug Early"]
[Site "Chess.com INT"]
[Date "2023.08.01"]
[Round "7"]
[White "Rama, Tejas"]
[Black "Ovchinnikov, Vsevolod"]
[Result "0-1"]
[WhiteElo "2255"]
[BlackElo "2426"]
[PlyCount "64"]
[EventDate "2023.08.01"]
[EventType "swiss (blitz)"]
[EventRounds "11"]
[EventCountry "USA"]
[SourceTitle "EXT 2024"]
[Source "ChessBase"]
[SourceDate "2023.10.10"]
[SourceVersion "1"]
[SourceVersionDate "2023.10.10"]
[SourceQuality "1"]

1. d4 Nf6 2. c4 g6 3. Nc3 d5 4. Nf3 Bg7 5. Qb3 dxc4 6. Qxc4 0-0 7. e4 a6 8. Be2 b5 9. Qb3 c5 10. dxc5 Be6 11. Qc2 Nbd7 12. Be3 Ng4 13. Bd4 b4 14. Nd5 Bxd5 15. exd5 Qa5 16. 0-0 Rfc8 17. Rac1 Bh6 18. Nd2 Ngf6 19. Nb3 Qc7 20. Bf3 Bxc1 21. Rxc1 Rab8 22. Qe2 Qd8 23. c6 Nb6 24. Qxa6 Nbxd5 25. Na5 Nc7 26. Qc4 Ne6 27. Ba7 Qxa5 28. Bxb8 Rxb8 29. a3 bxa3 30. bxa3 Qxa3 31. c7 Rc8 32. Qe2 Rxc7 0-1